Kỹ thuật nuôi cá mặt nước lớn
Khái quát về mặt nước lớn. Phân tích đặc điểm sinh học một số loài cá nuôi ở mặt nước lớn. Trình bày kỹ thuật nuôi cá mặt nước lớn.
Đã lưu trong:
| Tác giả chính: | |
|---|---|
| Định dạng: | Sách |
| Năm xuất bản: |
H.
Đại học Vinh
2019
|
| Chủ đề: | |
| Tags: |
Thêm thẻ
Không có thẻ, Hãy là người đầu tiên gắn thẻ bản ghi này!
|
| LEADER | 01381nam a2200193 4500 | ||
|---|---|---|---|
| 999 | |c 15926 |d 15926 | ||
| 082 | |a 639.31 |b T100TH | ||
| 100 | |a Tạ Thị Bình | ||
| 245 | |a Kỹ thuật nuôi cá mặt nước lớn |c Tạ Thị Bình, Lê Minh Hải, Nguyễn Đình Vinh | ||
| 260 | |a H. |b Đại học Vinh |c 2019 | ||
| 300 | |a 146 tr |c 21 cm | ||
| 520 | |a Khái quát về mặt nước lớn. Phân tích đặc điểm sinh học một số loài cá nuôi ở mặt nước lớn. Trình bày kỹ thuật nuôi cá mặt nước lớn. | ||
| 653 | |a Nông nghiệp |a Nuôi cá | ||
| 942 | |2 ddc |c STK0 | ||
| 952 | |0 0 |1 0 |2 ddc |4 0 |6 639_310000000000000_T100TH |7 0 |8 600 |9 118119 |a qbu |b qbu |c D3 |d 2020-06-01 |g 80000 |o 639.31 T100TH |p 13293.C1 |r 2020-06-01 |w 2020-06-01 |y STK0 | ||
| 952 | |0 0 |1 0 |2 ddc |4 0 |6 639_310000000000000_T100TH |7 0 |8 600 |9 118120 |a qbu |b qbu |c D3 |d 2020-06-01 |g 80000 |o 639.31 T100TH |p 13293.C2 |r 2020-06-01 |w 2020-06-01 |y STK0 | ||
| 952 | |0 0 |1 0 |2 ddc |4 0 |6 639_310000000000000_T100TH |7 0 |8 600 |9 118121 |a qbu |b qbu |c D3 |d 2020-06-01 |g 80000 |o 639.31 T100TH |p 13293.C3 |r 2020-06-01 |w 2020-06-01 |y STK0 | ||
| 952 | |0 0 |1 0 |2 ddc |4 0 |6 639_310000000000000_T100TH |7 0 |8 600 |9 118122 |a qbu |b qbu |c D3 |d 2020-06-01 |g 80000 |o 639.31 T100TH |p 13293.C4 |r 2020-06-01 |w 2020-06-01 |y STK0 | ||
| 952 | |0 0 |1 0 |2 ddc |4 0 |6 639_310000000000000_T100TH |7 0 |8 600 |9 118123 |a qbu |b qbu |c D3 |d 2020-06-01 |g 80000 |o 639.31 T100TH |p 13293.C5 |r 2020-06-01 |w 2020-06-01 |y STK0 | ||